000 01534nam2a2200253 4500
001 RU\NLR\BIBL_A\010775424
005 20260406124225.0
010 _a978-5-346-03318-9
_bч. 2
_950000
021 _aRU
_b2015-30545
_91814
035 _a(NLR Aleph) 010775424
090 _a10040889
_c10040889
100 _a20150604d2015 |||y0rusy50 ca
101 0 _arus
102 _aRU
105 _aa|||j|||000yy
200 1 _aЗадачник для учащихся общеобразовательных организаций (базовый уровень)
_f[А.Г. Мордкович и др.]
_gпод. ред. А.Г. Мордковича
210 _d2015
_aБ. м.
215 _a271 с.
_cил.
461 0 _1001RU\NLR\BIBL_A\010840889
_12001#$aАлгебра и начала математического анализа$e10-11 классы$eв 2 ч.$fА.Г. Мордкович, Л.В. Семенов$vЧ. 2
_1700#1$aМордкович$bА. Г.$f1940-$gАлександр Григорьевич$3RU\NLR\AUTH\77983
_910326436
_aМордкович, А. Г. (1940-)
_cМосква
_d2015
_e3-е изд., стер.
_fА.Г. Мордкович, Л.В. Семенов
_nМнемозина
_o10-11 классы : в 2 ч.
_tАлгебра и начала математического анализа
_y9785346033160
_vЧ. 2
702 1 _4220
_4340
_7ca
_8rus
_aМордкович
_bА. Г.
_f1940-
_gАлександр Григорьевич
_9111018
_3RU\NLR\AUTH\77983
942 _cBOOK
980 _aNB